000 00269nam a22001217a 4500
008 190305b xxu||||| |||| 00| 0 eng d
041 _aeng
080 _a575
100 _a9
101 _aIMU
245 _aPrinciples of Modern Immunology
_cPark, B.H
942 _2udc
_cBK
999 _c54571
_d54571